[Event "DEN-chT 1415 53rd"]
[Site "Denmark"]
[Date "2014.10.26"]
[Round "2.6"]
[White "Helledie, Anders"]
[Black "Hoiberg, Nina"]
[Result "1/2-1/2"]
[WhiteElo "2266"]
[BlackElo "2209"]
[PlyCount "95"]
[EventDate "2014.10.25"]
[EventType "team-tourn"]
[EventRounds "9"]
[EventCountry "DEN"]
[SourceTitle "EXT 2016"]
[Source "ChessBase"]
[SourceDate "2015.10.08"]
[SourceVersion "1"]
[SourceVersionDate "2015.10.08"]
[SourceQuality "1"]
[WhiteTeam "Jetsmark"]
[BlackTeam "Nordre"]
[WhiteTeamCountry "DEN"]
[BlackTeamCountry "DEN"]

1. e4 e5 2. Nf3 Nc6 3. Bc4 Nf6 4. d3 Be7 5. c3 0-0 6. Nbd2 d6 7. Bb3 h6 8. Nf1 d5 9. Qe2 d4 10. h3 a6 11. g4 Nh7 12. Ng3 Ng5 13. Nf5 Nxf3+ 14. Qxf3 Bg5 15. h4 Bxc1 16. Rxc1 Bxf5 17. gxf5 Qf6 18. Rg1 Kh7 19. Ke2 Rad8 20. Rg4 dxc3 21. bxc3 b5 22. Rcg1 Rg8 23. Rg6 fxg6 24. Bxg8+ Kxg8 25. Rxg6 Qf7 26. Rxc6 Qxa2+ 27. Kf1 Qb1+ 28. Kg2 Qxd3 29. Rxc7 Qxf3+ 30. Kxf3 a5 31. Ke2 a4 32. Rc5 a3 33. Rxb5 Ra8 34. Rb1 a2 35. Ra1 Kf7 36. Kd3 g6 37. fxg6+ Kxg6 38. Kc4 Kh5 39. Kd5 Ra5+ 40. Kd6 Kxh4 41. c4 Kg4 42. c5 Kf4 43. c6 Ra3 44. c7 Rd3+ 45. Ke6 Rc3 46. Kd7 Rd3+ 47. Ke6 Rc3 48. Kd7 1/2-1/2

[Event "DEN-chT 1415 53rd"]
[Site "Denmark"]
[Date "2014.10.25"]
[Round "1.6"]
[White "Maarup, Michael"]
[Black "Helledie, Anders"]
[Result "0-1"]
[WhiteElo "2152"]
[BlackElo "2266"]
[PlyCount "132"]
[EventDate "2014.10.25"]
[EventType "team-tourn"]
[EventRounds "9"]
[EventCountry "DEN"]
[SourceTitle "EXT 2016"]
[Source "ChessBase"]
[SourceDate "2015.10.08"]
[SourceVersion "1"]
[SourceVersionDate "2015.10.08"]
[SourceQuality "1"]
[WhiteTeam "Esbjerg"]
[BlackTeam "Jetsmark"]
[WhiteTeamCountry "DEN"]
[BlackTeamCountry "DEN"]

1. d4 Nf6 2. c4 g6 3. Nc3 Bg7 4. e4 d6 5. f3 0-0 6. Be3 c5 7. Nge2 Nc6 8. Qd2 Qa5 9. 0-0-0 e6 10. d5 exd5 11. Nxd5 Nxd5 12. cxd5 Qxd2+ 13. Bxd2 Ne5 14. Ng3 b5 15. Be2 b4 16. Rhe1 Re8 17. Nf1 f5 18. Ne3 fxe4 19. fxe4 Bd7 20. Nc4 Nxc4 21. Bxc4 Be5 22. g3 Rf8 23. Bh6 Rf2 24. Re2 Rf7 25. Red2 Bh3 26. Re1 a5 27. Be3 Kg7 28. Rf2 Rxf2 29. Bxf2 Rf8 30. Bg1 h5 31. Kc2 h4 32. gxh4 Rf4 33. Be3 Rxh4 34. Bf2 Rg4 35. Bg3 Rg5 36. Re3 Bd7 37. a3 Kh6 38. axb4 axb4 39. b3 Bxg3 40. hxg3 Kg7 41. Kd2 Bg4 42. Re1 Bh3 43. Rg1 Kf6 44. Ke3 Ke5 45. Be2 Bg4 46. Bd3 Rh5 47. Bc4 Rh2 48. Rf1 Rg2 49. Rf8 Rxg3+ 50. Kf2 Rh3 51. Rg8 Rf3+ 52. Kg2 Rf6 53. Kg3 Bf3 54. Re8+ Kd4 55. e5 dxe5 56. d6 Bc6 57. d7 Bxd7 58. Rd8 Rd6 59. Bb5 Bxb5 60. Rxd6+ Kc3 61. Rd5 Kxb3 62. Rxc5 Bd3 63. Rxe5 Kc3 64. Rc5+ Kd2 65. Rc6 b3 66. Rb6 Bc2 0-1

[Event "DEN-chT 1213"]
[Site "Denmark"]
[Date "2013.03.09"]
[Round "8.6"]
[White "Schmidt, Kresten"]
[Black "Helledie, Anders"]
[Result "1-0"]
[WhiteElo "2264"]
[BlackElo "2236"]
[PlyCount "75"]
[EventDate "2012.10.27"]
[EventType "team-tourn"]
[EventRounds "9"]
[EventCountry "DEN"]
[SourceTitle "EXT 2014"]
[Source "ChessBase"]
[SourceDate "2013.11.20"]
[SourceVersion "1"]
[SourceVersionDate "2013.11.20"]
[SourceQuality "1"]
[WhiteTeam "Valby K41"]
[BlackTeam "Jetsmark"]
[WhiteTeamCountry "DEN"]
[BlackTeamCountry "DEN"]

1. e4 e6 2. d4 d5 3. Nc3 Nf6 4. e5 Nfd7 5. f4 c5 6. Nf3 Nc6 7. Be3 a6 8. Qd2 cxd4 9. Nxd4 Bc5 10. 0-0-0 0-0 11. Kb1 Bxd4 12. Bxd4 b5 13. Qe3 Qc7 14. Bd3 Nxd4 15. Qxd4 Qa7 16. Ne2 Qxd4 17. Nxd4 b4 18. Rhe1 Nc5 19. g4 a5 20. f5 Ba6 21. Re3 Rfc8 22. g5 Bxd3 23. cxd3 exf5 24. Nxf5 Rc7 25. Rc1 Ne6 26. Rxc7 Nxc7 27. h4 Kf8 28. Kc2 Ne6 29. Kd2 Rc8 30. Rf3 Rc7 31. Ke3 Rc2 32. Nd6 Nd8 33. Nxf7 Nxf7 34. e6 Rxb2 35. Rxf7+ Ke8 36. Kd4 Rxa2 37. Kxd5 b3 38. Rb7 1-0

[Event "DEN-chT 1213"]
[Site "Denmark"]
[Date "2013.01.13"]
[Round "5.8"]
[White "Ejsing, Esben"]
[Black "Helledie, Anders"]
[Result "1-0"]
[WhiteElo "2159"]
[BlackElo "2236"]
[PlyCount "57"]
[EventDate "2012.10.27"]
[EventType "team-tourn"]
[EventRounds "9"]
[EventCountry "DEN"]
[SourceTitle "EXT 2014"]
[Source "ChessBase"]
[SourceDate "2013.11.20"]
[SourceVersion "1"]
[SourceVersionDate "2013.11.20"]
[SourceQuality "1"]
[WhiteTeam "Nordkalotten"]
[BlackTeam "Jetsmark"]
[WhiteTeamCountry "DEN"]
[BlackTeamCountry "DEN"]

1. d4 Nf6 2. Nf3 g6 3. Bf4 Bg7 4. h3 0-0 5. e3 d6 6. Be2 c5 7. c3 Nbd7 8. 0-0 a6 9. a4 b6 10. Na3 Bb7 11. Bh2 Qc7 12. Rc1 Rfc8 13. Bc4 Bh6 14. Qb3 Rf8 15. Qd1 Be4 16. Nd2 Bc6 17. f4 Qb7 18. Qe2 Bxa4 19. g4 Bg7 20. g5 Ne8 21. f5 d5 22. Bd3 c4 23. Bb1 Nc7 24. e4 Bc6 25. e5 Rfd8 26. Nc2 f6 27. fxg6 fxe5 28. Ne3 e6 29. Qh5 1-0

[Event "DEN-chT 1112 50th"]
[Site "Denmark"]
[Date "2012.01.14"]
[Round "4.8"]
[White "Helledie, Anders"]
[Black "Svendsen, Peter Willer"]
[Result "1-0"]
[WhiteElo "2223"]
[BlackElo "1984"]
[PlyCount "57"]
[EventDate "2011.10.29"]
[EventType "team-tourn"]
[EventRounds "9"]
[EventCountry "DEN"]
[SourceTitle "EXT 2013"]
[Source "ChessBase"]
[SourceDate "2012.11.22"]
[SourceVersion "1"]
[SourceVersionDate "2012.11.22"]
[SourceQuality "1"]
[WhiteTeam "Jetsmark"]
[BlackTeam "Hillerod"]
[WhiteTeamCountry "DEN"]
[BlackTeamCountry "DEN"]

1. e4 e5 2. Bc4 Nf6 3. d3 Be7 4. Nc3 0-0 5. f4 d6 6. Nf3 Nc6 7. f5 Nd4 8. Be3 c5 9. 0-0 a6 10. a4 b6 11. Bg5 Bb7 12. Bxf6 Bxf6 13. Bd5 Qd7 14. Bxb7 Qxb7 15. Nd5 Kh8 16. g4 b5 17. axb5 axb5 18. Rxa8 Rxa8 19. Qd2 Bd8 20. g5 Nxf5 21. Nxe5 dxe5 22. Rxf5 f6 23. Qf2 g6 24. Rxe5 f5 25. Qg3 Bb6 26. Re7 c4+ 27. Kg2 Qb8 28. Qxb8+ Rxb8 29. Nf6 1-0

[Event "EU-Cup 25th"]
[Site "Ohrid"]
[Date "2009.10.06"]
[Round "3.5"]
[White "Helledie, Anders"]
[Black "Levacic, Adrien"]
[Result "1-0"]
[WhiteElo "2215"]
[BlackElo "1893"]
[PlyCount "91"]
[EventDate "2009.10.04"]
[EventType "team-swiss"]
[EventRounds "7"]
[EventCountry "MKD"]
[SourceTitle "CBM 133"]
[Source "ChessBase"]
[SourceDate "2009.11.19"]
[SourceVersion "1"]
[SourceVersionDate "2009.11.19"]
[SourceQuality "1"]
[WhiteTeam "Jetsmark"]
[BlackTeam "Monte Carlo"]
[WhiteTeamCountry "DEN"]
[BlackTeamCountry "MNC"]

1. e4 e5 2. Nf3 Nc6 3. Bb5 g6 4. c3 Nge7 5. 0-0 Bg7 6. d4 exd4 7. cxd4 d5 8. exd5 Nxd5 9. Bg5 Qd6 10. Re1+ Be6 11. Nbd2 0-0 12. Ne4 Qb4 13. Bxc6 bxc6 14. Qc1 Rab8 15. b3 Rb6 16. Nc5 Bxd4 17. Nxd4 Qxd4 18. Re4 Qc3 19. Nxe6 fxe6 20. Qxc3 Nxc3 21. Rxe6 a5 22. Bd2 Nd5 23. Bxa5 Ra6 24. Bd2 Rfa8 25. a4 Rb8 26. Ra3 Nb4 27. Bxb4 Rxb4 28. Kf1 Rab6 29. Re3 Kf7 30. Ke2 c5 31. Rc3 Re4+ 32. Kd2 Re5 33. Rf3+ Kg7 34. Ra2 Rh5 35. h3 Rg5 36. g3 Rd5+ 37. Kc3 Rd4 38. a5 Ra6 39. Rf4 Rd5 40. Kc4 c6 41. Re4 Kf7 42. g4 h5 43. f3 h4 44. f4 Kf8 45. Re6 Kf7 46. Rxc6 1-0

[Event "DEN-chT 0809"]
[Site "Denmark"]
[Date "2009.01.10"]
[Round "4.5"]
[White "Hutters, Tomas"]
[Black "Helledie, Anders"]
[Result "1-0"]
[WhiteElo "2413"]
[BlackElo "2215"]
[PlyCount "51"]
[EventDate "2008.11.01"]
[EventType "team-tourn"]
[EventRounds "9"]
[EventCountry "DEN"]
[SourceTitle "EXT 2023"]
[Source "ChessBase"]
[SourceDate "2022.10.05"]
[SourceVersion "1"]
[SourceVersionDate "2022.10.05"]
[SourceQuality "1"]
[WhiteTeam "Helsinge"]
[BlackTeam "Jetsmark"]
[WhiteTeamCountry "DEN"]
[BlackTeamCountry "DEN"]

1. d4 Nf6 2. c4 g6 3. Nc3 Bg7 4. e4 d6 5. Nf3 0-0 6. h3 Qe8 7. Be3 Na6 8. g3 c5 9. Bg2 h6 10. 0-0 Rb8 11. Re1 Nd7 12. Qd2 Kh7 13. Nb5 Ra8 14. Rad1 cxd4 15. Bxd4 Bxd4 16. Qxd4 Ndc5 17. e5 Ne6 18. Qe3 dxe5 19. Nxe5 Nb4 20. Ng4 h5 21. Nd6 Qa4 22. b3 Qa6 23. Qh6+ Kg8 24. Ne5 exd6 25. Nxg6 f5 26. Nxf8 1-0

[Event "Nordic-chT U20"]
[Site "Viby"]
[Date "2002.09.08"]
[Round "3.5"]
[White "Helledie, Anders"]
[Black "Andersson, Fredrik1111"]
[Result "0-1"]
[WhiteElo "2143"]
[BlackElo "2273"]
[PlyCount "138"]
[EventDate "2002.09.06"]
[EventType "team-tourn"]
[EventRounds "3"]
[EventCountry "DEN"]
[SourceTitle "EXT 2018"]
[Source "ChessBase"]
[SourceDate "2017.10.13"]
[SourceVersion "1"]
[SourceVersionDate "2017.10.13"]
[SourceQuality "1"]
[WhiteTeam "Denmark"]
[BlackTeam "Sweden"]
[WhiteTeamCountry "DEN"]
[BlackTeamCountry "SWE"]

1. Nf3 d5 2. d3 Nf6 3. Nbd2 Bg4 4. c3 c6 5. e4 Nbd7 6. Qc2 e5 7. Be2 Bd6 8. 0-0 0-0 9. Re1 Re8 10. Nf1 Bh5 11. Ng3 Bg6 12. Bf1 a5 13. a4 h6 14. h3 Bh7 15. b3 Qc7 16. Nh4 Nc5 17. Nhf5 Bf8 18. Kh1 Rab8 19. Bd2 Ne6 20. b4 b6 21. f3 Red8 22. Qb2 Rd7 23. Rec1 Rbd8 24. Be1 Nf4 25. Qc2 Bxf5 26. Nxf5 g6 27. Ng3 h5 28. bxa5 bxa5 29. Rd1 Bh6 30. Ne2 Ne6 31. Rab1 Bg7 32. Bf2 c5 33. Rb5 dxe4 34. fxe4 Nxe4 35. Be1 Nd6 36. Rb2 Nf5 37. Bf2 e4 38. Nc1 e3 39. Be1 Ng3+ 40. Bxg3 Qxg3 41. Ne2 Qf2 42. Ng1 Qxc2 43. Rxc2 Nf4 44. d4 cxd4 45. cxd4 Rxd4 46. Rxd4 Rxd4 47. Rc4 e2 48. Rc8+ Kh7 49. Nxe2 Rxa4 50. Kh2 Nxe2 51. Bxe2 h4 52. Rc4 Be5+ 53. Kg1 Bd4+ 54. Kh2 Rxc4 55. Bxc4 Kg7 56. g4 hxg3+ 57. Kxg3 f5 58. Bb3 Kf6 59. Kf3 Ke5 60. Bf7 g5 61. Bb3 Bc3 62. Bc2 Be1 63. Bd1 Kd4 64. Ke2 Bh4 65. Kd2 Kc4 66. Bc2 f4 67. Be4 Kb3 68. Bd5+ Kb2 69. Bc6 f3 0-1

[Event "DEN-chB"]
[Site "Greve"]
[Date "2002.03.28"]
[Round "3"]
[White "Kryger, Oksana"]
[Black "Helledie, Anders"]
[Result "0-1"]
[WhiteElo "2092"]
[BlackElo "2196"]
[PlyCount "98"]
[EventDate "2002.03.26"]
[EventType "swiss"]
[EventRounds "7"]
[EventCountry "DEN"]
[SourceTitle "EXT 2007"]
[Source "ChessBase"]
[SourceDate "2006.11.23"]
[SourceVersion "1"]
[SourceVersionDate "2006.11.23"]
[SourceQuality "1"]

1. c4 e5 2. Nc3 Nc6 3. g3 g6 4. Bg2 Bg7 5. d3 d6 6. e3 Be6 7. Nge2 Qd7 8. Nd5 Nd8 9. e4 c6 10. Ne3 Nh6 11. 0-0 Ng4 12. f3 Nxe3 13. Bxe3 0-0 14. b3 d5 15. cxd5 cxd5 16. exd5 Bxd5 17. d4 Nc6 18. dxe5 Bxe5 19. Rc1 Rad8 20. Nf4 Be6 21. Qxd7 Bxd7 22. Nd3 Bd4 23. Rfe1 Rfe8 24. Bxd4 Nxd4 25. Rxe8+ Rxe8 26. Re1 Rxe1+ 27. Nxe1 Ne2+ 28. Kf2 Nc1 29. f4 b6 30. Bd5 Nxa2 31. Nd3 Nc3 32. Ne5 Nxd5 33. Nxd7 f6 34. Nb8 Kf7 35. Nc6 a6 36. Nb8 a5 37. Nc6 Ke6 38. Kf3 Kd7 39. Nd4 Kd6 40. Ke4 f5+ 41. Kd3 Kc5 42. Ne6+ Kb4 43. Kc2 b5 44. Nf8 a4 45. bxa4 bxa4 46. Nxh7 a3 47. Nf8 Ne3+ 48. Kd3 Nc4 49. Nxg6 a2 0-1

[Event "DEN-chB"]
[Site "Greve"]
[Date "2002.03.26"]
[Round "1"]
[White "Helledie, Anders"]
[Black "Bromann, Thorbjorn"]
[Result "0-1"]
[WhiteElo "2196"]
[BlackElo "2344"]
[PlyCount "112"]
[EventDate "2002.03.26"]
[EventType "swiss"]
[EventRounds "7"]
[EventCountry "DEN"]
[SourceTitle "EXT 2007"]
[Source "ChessBase"]
[SourceDate "2006.11.23"]
[SourceVersion "1"]
[SourceVersionDate "2006.11.23"]
[SourceQuality "1"]

1. e4 e6 2. d4 d5 3. Nd2 c5 4. exd5 Qxd5 5. Ngf3 cxd4 6. Bc4 Qd8 7. 0-0 Nf6 8. Nb3 Nc6 9. Nbxd4 Nxd4 10. Qxd4 Qxd4 11. Nxd4 Bd7 12. Bf4 Rc8 13. Be2 Bc5 14. Nb3 Be7 15. c3 0-0 16. a4 Nd5 17. Bg3 Nb6 18. a5 Nc4 19. Rfd1 Rfd8 20. Ra2 Bf6 21. Nd2 Ba4 22. b3 Nxd2 23. Rdxd2 Rxd2 24. Rxd2 Bxc3 25. Rc2 Bxb3 26. Rc1 f6 27. Bf4 Rc6 28. a6 Be5 29. axb7 Rxc1+ 30. Bxc1 Bd5 31. Ba6 Kf7 32. Be3 Bb8 33. Kf1 Ke7 34. Bc5+ Kd7 35. Bf8 g6 36. Bg7 Kc6 37. Bxf6 Kb6 38. Bd3 Bxb7 39. Bd4+ Ka5 40. h4 Ba6 41. Ke2 Bxd3+ 42. Kxd3 Kb4 43. g4 a5 44. Bc3+ Kb5 45. Ke4 a4 46. f4 a3 47. f5 exf5+ 48. gxf5 gxf5+ 49. Kxf5 Kc4 50. Ba1 Kd5 51. h5 h6 52. Bg7 a2 53. Ba1 Ba7 54. Kg6 Bd4 55. Bxd4 Kxd4 56. Kxh6 a1Q 0-1

[Event "Nordic School-ch U20"]
[Site "Tjele"]
[Date "2002.02.14"]
[Round "2"]
[White "Poulsen, Martin"]
[Black "Helledie, Anders"]
[Result "1-0"]
[WhiteElo "2101"]
[BlackElo "2112"]
[PlyCount "57"]
[EventDate "2002.02.14"]
[EventType "swiss"]
[EventRounds "6"]
[EventCountry "DEN"]
[SourceTitle "EXT 2022"]
[Source "ChessBase"]
[SourceDate "2021.10.06"]
[SourceVersion "1"]
[SourceVersionDate "2021.10.06"]
[SourceQuality "1"]

1. e4 e6 2. d4 d5 3. Nd2 Nf6 4. e5 Nfd7 5. Ngf3 c5 6. c4 Nb6 7. cxd5 Nxd5 8. Nb3 Nd7 9. Bd3 Qc7 10. Qe2 Nb4 11. Bb1 b6 12. 0-0 Ba6 13. Qe4 Rc8 14. Rd1 Bb7 15. Qg4 cxd4 16. Bf4 Bxf3 17. Qxf3 Nd5 18. Bg3 Nxe5 19. Qh5 Bd6 20. Nxd4 g6 21. Qe2 Qc4 22. Qe1 f6 23. Nxe6 Bb4 24. Qe4 Qxe4 25. Bxe4 Ne7 26. a3 Kf7 27. Ng5+ fxg5 28. Bxe5 Rhe8 29. axb4 1-0

[Event "Politiken Cup 23rd"]
[Site "Copenhagen"]
[Date "2001.07.17"]
[Round "2"]
[White "Nielsen, Peter Heine"]
[Black "Helledie, Anders"]
[Result "1-0"]
[WhiteElo "2593"]
[BlackElo "2221"]
[PlyCount "55"]
[EventDate "2001.07.16"]
[EventType "swiss"]
[EventRounds "11"]
[EventCountry "DEN"]
[SourceTitle "CBM 083 Extra"]
[Source "ChessBase"]
[SourceDate "2001.09.11"]
[SourceVersion "1"]
[SourceVersionDate "2001.09.11"]
[SourceQuality "1"]

1. d4 e6 2. c4 b6 3. a3 Nf6 4. Nc3 Bb7 5. Nf3 d6 6. d5 exd5 7. cxd5 c5 8. e4 g6 9. Bf4 a6 10. Bd3 Bg7 11. 0-0 0-0 12. h3 Nh5 13. Bg5 Qc7 14. a4 Nd7 15. Nd2 Bd4 16. Nc4 Ne5 17. Nxe5 dxe5 18. Ne2 Ng7 19. Nxd4 cxd4 20. f4 f6 21. Bh6 Qd6 22. Qb3 Rf7 23. fxe5 fxe5 24. Rxf7 Kxf7 25. Rf1+ Kg8 26. Bg5 Rf8 27. Be7 Rxf1+ 28. Kxf1 1-0